El conflicto de los siglos / (Registro nro. 30749)

Detalles MARC
000 -LEADER
fixed length control field 02724nam a22003017a 4500
003 - CONTROL NUMBER IDENTIFIER
control field OSt
005 - DATE AND TIME OF LATEST TRANSACTION
control field 20240712124030.0
008 - FIXED-LENGTH DATA ELEMENTS--GENERAL INFORMATION
fixed length control field 240426s2011 xu er 000 0 spa d
020 ## - INTERNATIONAL STANDARD BOOK NUMBER
International Standard Book Number 9781575548807
037 ## - SOURCE OF ACQUISITION
Source of stock number/acquisition Donación
040 ## - CATALOGING SOURCE
Original cataloging agency CO-JMCR
Language of cataloging spa
Transcribing agency CO-JMCR
Modifying agency CO-JMCR
Description conventions rda
041 1# - LANGUAGE CODE
Language code of text/sound track or separate title spa
Language code of original eng
082 04 - DEWEY DECIMAL CLASSIFICATION NUMBER
Edition number 23
Classification number 282.09
Item number W58e
100 1# - MAIN ENTRY--PERSONAL NAME
Personal name White, Ellen G.,
Dates associated with a name 1827-1915
Relator term autor
9 (RLIN) 43660
245 13 - TITLE STATEMENT
Title El conflicto de los siglos /
Statement of responsibility, etc. Ellen G. White.
246 #1 - VARYING FORM OF TITLE
Title proper/short title The Great Controversy /
250 ## - EDITION STATEMENT
Edition statement Segunda edición.
260 ## - PUBLICATION, DISTRIBUTION, ETC.
Place of publication, distribution, etc. Florida :
Name of publisher, distributor, etc. APIA ,
Date of publication, distribution, etc. 2011
300 ## - PHYSICAL DESCRIPTION
Extent 671 páginas ;
Dimensions 20 cm.
501 ## - WITH NOTE
With note Con: Prefacio
501 ## - WITH NOTE
With note Con: Apéndice
505 0# - FORMATTED CONTENTS NOTE
Formatted contents note El destino del mundo predicho -- La fe de los mártires -- Una era de tinieblas espirituales -- Fieles porta antorchas -- El lucero de la Reforma -- Dos héroes de la Edad Media -- En la encrucijada de los caminos -- Un campeón de la verdad -- Se enciende una luz en Suiza -- Progresos de la reforma -- La protesta de los príncipes -- La reforma en Francia -- El despertar de España -- En los países Bajos y Escandinavia -- La verdad progresa en Inglaterra -- La Biblia y la revolución francesa -- América, tierra de libertad -- Heraldos de una nueva era -- Una profecía significativa -- Luz a través de las tinieblas -- Un gran despertar religioso -- Una amonestación rechazada -- Profecías cumplidas -- El templo de Dios -- Jesucristo nuestro abogado -- Los Estados Unidos en la profecía -- Una obra de reforma -- La verdadera conversión es esencial -- El juicio investigador -- El origen del mal y del dolor -- El peor enemigo del hombre -- ¿ Quiénes son los ángeles? -- Las asechanzas del enemigo -- El misterio de la inmortalidad -- ¿Pueden hablarnos nuestros muertos? -- La libertad de conciencia amenazada -- El conflicto inminente -- Nuestra única salvaguardia -- El mensaje final de Dios -- El tiempo de angustia -- La liberación del pueblo de Dios -- La desolación de la tierra -- El fin del conflicto.
520 3# - SUMMARY, ETC.
Summary, etc. Nadie puede vivir ajeno a la gran controversia cósmica que se inició allá en la noche de los tiempos, y de la que todos de algún modo sufrimos las consecuencias. Somos además los protagonistas directos de ella. aquí no cabe ni la inhibición ni la neutralidad. Conocer la verdadera naturaleza y la situación actual del conflicto nos permitirá tomar la posición correcta y encontrar sentido a todas las contradicciones y paradojas que vemos en la naturaleza, en la sociedad y en nuestro propio interior.
650 14 - SUBJECT ADDED ENTRY--TOPICAL TERM
Source of heading or term JMCR
Topical term or geographic name entry element Historia del cristianismo
General subdivision Conflicto
9 (RLIN) 43661
650 24 - SUBJECT ADDED ENTRY--TOPICAL TERM
Source of heading or term JMCR
Topical term or geographic name entry element Historia
Form subdivision Crisis sociales
9 (RLIN) 43662
650 34 - SUBJECT ADDED ENTRY--TOPICAL TERM
Source of heading or term JMCR
Topical term or geographic name entry element Corrupción
9 (RLIN) 2874
942 ## - ADDED ENTRY ELEMENTS (KOHA)
Source of classification or shelving scheme Dewey Decimal Classification
Koha item type Books
Existencias
Withdrawn status Lost status Source of classification or shelving scheme Damaged status Not for loan Collection code Home library Current library Shelving location Date acquired Total Checkouts Full call number Barcode Date last seen Date last checked out Copy number Price effective from Koha item type
    Dewey Decimal Classification     Non-fiction Biblioteca Pública José María del Castillo y Rada Biblioteca Pública José María del Castillo y Rada General Stacks 11/02/2023 2 282.09 W58c 201812295 04/14/2026 04/14/2026 Ej.1 04/26/2024 Books